Չափու վրայ դպրոց / (Record no. 95128)
[ view plain ]
| 000 -LEADER | |
|---|---|
| fixed length control field | 00596nam a2200193 u 4500 |
| 001 - CONTROL NUMBER | |
| control field | 000262619 |
| 003 - CONTROL NUMBER IDENTIFIER | |
| control field | AM-YeHGA |
| 005 - DATE AND TIME OF LATEST TRANSACTION | |
| control field | 20250617125315.0 |
| 008 - FIXED-LENGTH DATA ELEMENTS--GENERAL INFORMATION | |
| fixed length control field | 030917s1926 ||| r 000 0 arm d |
| 040 ## - CATALOGING SOURCE | |
| Original cataloging agency | AM-YeHGA |
| 090 ## - LOCALLY ASSIGNED LC-TYPE CALL NUMBER (OCLC); LOCAL CALL NUMBER (RLIN) | |
| Classification number (OCLC) (R) ; Classification number, CALL (RLIN) (NR) | Ք-62 |
| 090 ## - LOCALLY ASSIGNED LC-TYPE CALL NUMBER (OCLC); LOCAL CALL NUMBER (RLIN) | |
| -- | 96430 |
| 100 1# - MAIN ENTRY--PERSONAL NAME | |
| Personal name | Քլաբառէտ, Էտուառտ |
| 245 10 - TITLE STATEMENT | |
| Title | Չափու վրայ դպրոց / |
| Statement of responsibility, etc. | Է. Քլաբառետ ; Թարգմ.՝ Պ. Գէորգեան. |
| 260 ## - PUBLICATION, DISTRIBUTION, ETC. | |
| Place of publication, distribution, etc. | Ժընէվ : |
| Name of publisher, distributor, etc. | Հայ դպրոց, |
| Date of publication, distribution, etc. | 1926. |
| 300 ## - PHYSICAL DESCRIPTION | |
| Extent | 55 էջ. |
| 650 13 - SUBJECT ADDED ENTRY--TOPICAL TERM | |
| Topical term or geographic name entry element | Հոգեբանություն |
| 700 1# - ADDED ENTRY--PERSONAL NAME | |
| Personal name | Գէորգեան, Պօղոս |
| Relator term | թարգմ. |
| Relationship | trl |
| Withdrawn status | Lost status | Damaged status | Not for loan | Collection | Home library | Current library | Date acquired | Total checkouts | Full call number | Barcode | Date last seen | Price effective from | Koha item type | Public note | Source of classification or shelving scheme |
|---|---|---|---|---|---|---|---|---|---|---|---|---|---|---|---|
| General | Fundamental Scientific Library | Fundamental Scientific Library | 22/12/2016 | AII/59738 | 220059738 | 22/12/2016 | 22/12/2016 | Գրքեր / Books | 30 Days Loan | ||||||
| Pogharian Individual Collection | Fundamental Scientific Library | Fundamental Scientific Library | 22/12/2016 | Պող/783 | FL0319221 | 22/12/2016 | 22/12/2016 | Գրքեր / Books | ILL Non-Circ. | Universal Decimal Classification |
ՀՀ Գիտությունների ազգային ակադեմիայի հիմնարար գիտական գրադարան = Fundamental Scientific Library of NAS RA
All site content, except where otherwise noted, is licensed under a